Historia de la ciudad de Cádiz / (Record no. 155595)

MARC details
000 -LEADER
campo de control de longitud fija 00663nam a2200181 i 4500
001 - NÚMERO DE CONTROL
campo de control 155595
003 - IDENTIFICADOR DE NÚMERO DE CONTROL
campo de control ES-MaACL
005 - FECHA Y HORA DE LA ÚLTIMA TRANSACCIÓN
campo de control 20230906210134.0
008 - DATOS DE LONGITUD FIJA--INFORMACIÓN GENERAL
campo de control de longitud fija 950110s1845 sp |||| | spa d
040 ## - FUENTE DE CATALOGACIÓN
Centro catalogador/agencia de origen EUS
Lengua de catalogación spa
Centro/agencia transcriptor EUS
100 1# - ENTRADA PRINCIPAL--NOMBRE DE PERSONA
Nombre de persona Horozco, Agustín de.
9 (RLIN) 128029
245 10 - MENCIÓN DEL TÍTULO
Título Historia de la ciudad de Cádiz /
Mención de responsabilidad, etc. compuesta por Agustín de Horozco.
260 ## - PUBLICACIÓN, DISTRIBUCIÓN, ETC.
Lugar de publicación, distribución, etc. Cádiz :
Nombre del editor, distribuidor, etc. Ayuntamiento,
Fecha de publicación, distribución, etc. 1845 (
Fabricante En la Imprenta de Don Manuel Bosch)
300 ## - DESCRIPCIÓN FÍSICA
Extensión VIII, 311, 15 p., [5] h de lám. ;
Dimensiones 23 cm.
500 ## - NOTA GENERAL
Nota general Apéndice: Medallas antiguas gaditanas, con 5 láms.
651 #4 - PUNTO DE ACCESO ADICIONAL DE MATERIA--NOMBRE GEOGRÁFICO
Nombre geográfico Cádiz-
Subdivisión general Historia.
9 (RLIN) 143770
852 ## - LOCALIZACIÓN
Ubicación ES-MaACL
Número de control de estantería F-4025
Nota libre -- Enc. pasta española
Holdings
Estatus retirado Estado de pérdida Estado de daño No para préstamo Colección Biblioteca de origen Biblioteca actual Ubicación en estantería Fecha de adquisición Fuente de adquisición Total de préstamos Signatura topográfica completa Código de barras Visto por última vez Precio de reemplazo Tipo de ítem Koha
        Libros del s. XIX Biblioteca del Ateneo de Madrid Biblioteca del Ateneo de Madrid Depósito 2 17/01/2008     F-4025 1162755 23/02/2023 23/02/2023 Libro impreso antiguo